Football : les XI en finales de ligue des champions du PSG - Statistiques

Statistiques générales
  • Ce quiz a été pris 148 fois
  • Le résultat moyen est 27 sur 33
Statistiques - réponses
Année Statut Joueur % Correct
2025 Titulaire Ousmane Dembélé
100%
2025 Titulaire Achraf Hakimi
99%
2025 Titulaire Désiré Doué
98%
2025 Titulaire Gianluigi Donnarumma
98%
2020 Titulaire Kylian Mbappé
98%
2025 Titulaire Marquinhos
98%
2020 Titulaire Marquinhos
98%
2025 Titulaire Nuno Mendes
98%
2025 Titulaire Vitinha
98%
2025 Entraîneur Luis Enrique
97%
2020 Titulaire Neymar
97%
2025 Titulaire Willian Pacho
97%
2025 Titulaire Joao Neves
96%
2025 Titulaire Fabian Ruiz
95%
2025 Entré Bradley Barcola
94%
2025 Entré Senny Mayulu
89%
2020 Titulaire Keylor Navas
88%
2020 Titulaire Thiago Silva
84%
2020 Entraîneur Thomas Tuchel
84%
2025 Titulaire Khvicha Kvaratskhelia
81%
2025 Entré Warren Zaïre-Emery
81%
2020 Titulaire Angel Di Maria
78%
2025 Entré Gonçalo Ramos
78%
2020 Titulaire Presnel Kimpembe
77%
2020 Titulaire Juan Bernat
74%
2025 Entré Lucas Hernandez
73%
2020 Entré Marco Verratti
73%
2020 Titulaire Leandro Paredes
62%
2020 Entré Eric-Maxim Choupo-Moting
58%
2020 Titulaire Ander Herrera
57%
2020 Titulaire Thilo Kehrer
51%
2020 Entré Julian Draxler
43%
2020 Entré Layvin Kurzawa
43%
Aucun quiz correspondant
Distribution des résultats
% des personnes avec chaque résultat
Percentile par nombre de réponses
Votre historique - résultats
Vous n’avez pas pris ce quiz